Largest Cities In New Zealand - Statistics

General Stats
  • This quiz has been taken 18 times
  • The average score is 7 of 9
Answer Stats
Population Island Answer % Correct
1.7M N Auckland
100%
410K S Christchurch
100%
427K N Wellington
100%
114K S Dunedin
81%
152K N Hamilton
69%
124K S Queenstown
69%
66K N Rotorua
50%
110K N Tauranga
50%
49K N New Plymouth
31%
No matching quizzes found
Score Distribution
Percent of People with Each Score
Percentile by Number Answered
Your Score History
You have not taken this quiz